Utwory Elizy Orzeszkowej - nagła śmierć - Statystyki

Ogólne statystyki
  • Ten quiz został rozwiązany 149 razy
  • Średni wynik to 3 z 9
Answers on the Grid
Answers color-coded by a green-red scale on the quiz's grid according to % correct below.
,,Nad Niemnem"
,,Meir Ezofowicz"
,,Cham"
,,Marta"
,,Dziurdziowie"
,,Pan Graba"
,,Pompalińscy"
,,Sylwek Cmentarnik"
,,Dwa bieguny"
,,Anhelli"
,,Sen o szpadzie"
,,Księgi Jakubowe"
,,Mendel Gdański"
,,Nasza szkapa"
,,Oda do młodości"
 
Statystyki odpowiedzi
Odpowiedź % Poprawnych
,,Nad Niemnem"
88%
,,Marta"
44%
,,Meir Ezofowicz"
41%
,,Cham"
38%
,,Dziurdziowie"
29%
,,Pan Graba"
29%
,,Pompalińscy"
26%
,,Sylwek Cmentarnik"
25%
,,Dwa bieguny"
23%
Nie znaleziono quizów pasujących do podanych kryteriów
Rozkład punktacji
Procent ludzi z każdym wynikiem
Percentyl według liczby udzielonych odpowiedzi
Twoja historia wyników
Nie rozwiązałeś tego quizu